000 00393nam a2200145Ia 4500
008 230917s9999||||xx |||||||||||||| ||und||
040 _e205981
_aMAIN
041 _aEnglish
082 _a006.7 H989M
100 _aHwang, Jenq-Neng
245 0 _aMultimedia networking: From theory to practice
260 _aCambridge
_bCambridge University Press
_c2009
300 _axx, 548 p.
942 _cBK
999 _c174579
_d174579